• 首页
  • 本馆介绍
  • 公告通知
  • 最新文献
  • 馆藏检索
  • 电子资源
  • 读者导购
  • 参考咨询
  • 我的图书馆
  • 登录
  • 详细信息显示
  • 放入我的书架
  • 预约/预借图书
  • 作者相关作品
  • 分类相关作品
  • 丛书相关作品
  • 出版社相关作品

书目信息

  • 表格格式
  • 工作单格式
  • 卡片格式
题名:
玉汝于成
    
 
作者: 姜沛民 , 孙其信 主编
分册:  
出版信息: 北京   人民出版社  2020
页数: 297页
开本: 26cm
丛书名:
单 册:
中图分类: F323.8 , G642.45
科图分类:
主题词: 农村--nong cun--扶贫--概况--中国
电子资源:
ISBN: 978-7-01-022640-8
000 01143nam0 2200277 450
001 2156007396
005 20211113153017.52
010    @a978-7-01-022640-8@dCNY36.00
100    @a20201228d2020 em y0chiy50 ea
101 0  @achi
102    @aCN@b110000
105    @aa a 000yy
200 1  @a玉汝于成@Ayu ru yu cheng@e脱贫攻坚伟大事业中的中国农大@f姜沛民, 孙其信主编
210    @a北京@c人民出版社@d2020
215    @a297页@c图@d26cm
320    @a有书目 (第289-295页)
330    @a本书全景展现中国农大在脱贫攻坚中的特点和亮点,内容包括:科技篇——成果支撑 助农增收、上山篇——情系山区 志在兴农、下海篇——增粮有道 再造良田、援边篇——情暖边陲 真诚永驻、助滇篇——定点云南 同心同向、驻村篇——精准帮扶 乡村实验等。
517 1  @a脱贫攻坚伟大事业中的中国农大@Atuo pin gong jian wei da shi ye zhong de zhong guo nong da
601 02 @a中国农业大学@Azhong guo nong ye da xue@x大学生@x社会实践@x概况@y中国
606 0  @a农村@Anong cun@x扶贫@x概况@y中国
690    @aF323.8@v5
690    @aG642.45@v5
701  0 @a姜沛民@Ajiang pei min@4主编
701  0 @a孙其信@Asun qi xin@4主编
801  0 @aCN@bBP@c20201228
905    @aZUCC@dF323.8@e8
    
    玉汝于成:脱贫攻坚伟大事业中的中国农大/姜沛民, 孙其信主编.-北京:人民出版社,2020
    297页:图;26cm
    
    
    ISBN 978-7-01-022640-8:CNY36.00
    本书全景展现中国农大在脱贫攻坚中的特点和亮点,内容包括:科技篇——成果支撑 助农增收、上山篇——情系山区 志在兴农、下海篇——增粮有道 再造良田、援边篇——情暖边陲 真诚永驻、助滇篇——定点云南 同心同向、驻村篇——精准帮扶 乡村实验等。
●
相关链接 在五车中查询图书 在当当中查询图书 在豆瓣中查询图书


正题名:玉汝于成     索取号:F323.8/8         预约/预借

序号 登录号 条形码 馆藏地/架位号 状态 备注
1 2000884096   2000884096   第三书库/ [索取号:F323.8/8] 在馆    
2 2000884097   2000884097   第三书库/ [索取号:F323.8/8] 在馆    
3 2000884098   2000884098   第三书库/ [索取号:F323.8/8] 在馆    
山东省滨州职业学院图书馆 欢迎您!
大连网信软件有限公司© 版权所有